[Event "Open Ricany 2012"]
[Site "http://www.openricany.cz/"]
[Date "2012.08.26"]
[Round "1.34"]
[White "Berg, Antonin"]
[Black "Novak, Jindrich"]
[Result "0-1"]
[WhiteElo "1808"]
[BlackElo "2041"]
[PlyCount "90"]
[EventDate "2012.??.??"]

1. e4 d6 2. d4 e5 3. Nf3 Nc6 4. Bb5 Bg4 5. c3 a6 6. Ba4 Nf6 7. O-O b5 8. Bb3
Be7 9. d5 Na5 10. Bc2 O-O 11. Re1 Qd7 12. Nbd2 Nc4 13. Nf1 c6 14. b3 cxd5 15.
bxc4 dxe4 16. Bxe4 Nxe4 17. Rxe4 Bf5 18. Re1 bxc4 19. Ne3 Bd3 20. Nxc4 e4 21.
Nfd2 f5 22. Nb6 Qc6 23. Nxa8 Bf6 24. Qb3+ Kh8 25. Bb2 d5 26. a4 Rxa8 27. a5 Bg5
28. Nf1 Bc4 29. Qb6 Qc8 30. Ba3 Bf6 31. Bb4 Rb8 32. Qd6 Qe8 33. f4 Rc8 34. Rad1
Rc6 35. Qf8+ Qxf8 36. Bxf8 Bxc3 37. Re3 d4 38. Rg3 g6 39. h4 Kg8 40. Bh6 Bxa5
41. h5 Be2 42. Rb1 d3 43. hxg6 Bb6+ 44. Rxb6 Rxb6 45. Kf2 Bxf1 0-1

[Event "Open Ricany 2012"]
[Site "http://www.openricany.cz/"]
[Date "2012.08.26"]
[Round "1.35"]
[White "Schmalz, Michal"]
[Black "Sedivy, Ondrej"]
[Result "1-0"]
[WhiteElo "2040"]
[BlackElo "1784"]
[PlyCount "85"]
[EventDate "2012.??.??"]

1. e4 e6 2. d4 d5 3. e5 c5 4. Nf3 cxd4 5. Bd3 Nc6 6. O-O Nge7 7. a3 Ng6 8. Re1
Qc7 9. Qe2 Be7 10. g3 O-O 11. h4 f6 12. Bxg6 hxg6 13. Bf4 fxe5 14. Nxe5 Nxe5
15. Bxe5 Bd6 16. Bxd6 Qxd6 17. Nd2 Bd7 18. Nb3 Qb6 19. Qd3 Rad8 20. Re5 Rf5 21.
Rae1 Rf6 22. Qxd4 Qc6 23. Qc5 Rdf8 24. Qxc6 Bxc6 25. f4 Re8 26. Nd4 Bd7 27. Nf3
Rf5 28. Kf2 Rxe5 29. Nxe5 Bb5 30. Nxg6 Kh7 31. Ne5 Rc8 32. c3 d4 33. c4 Ba4 34.
Rc1 Rd8 35. Ke2 a6 36. Kd3 Be8 37. Re1 Kh6 38. Re4 b6 39. Rxd4 Rc8 40. Rd6 b5
41. Rxe6+ Kh7 42. g4 bxc4+ 43. Kc3 1-0

[Event "Open Ricany 2012"]
[Site "http://www.openricany.cz/"]
[Date "2012.08.26"]
[Round "1.36"]
[White "Jirousek, Filip"]
[Black "Skala, Jaromir"]
[Result "0-1"]
[WhiteElo "1775"]
[BlackElo "2038"]
[PlyCount "92"]
[EventDate "2012.??.??"]

1. f4 e5 2. e4 Bc5 3. Nf3 d6 4. Nc3 Nf6 5. Bc4 O-O 6. fxe5 dxe5 7. h3 Nc6 8. d3
Na5 9. Bb3 Nxb3 10. axb3 Qd6 11. Bg5 c6 12. g4 Ne8 13. Qd2 Nc7 14. Nh4 h6 15.
Be3 Bxe3 16. Qxe3 Qf6 17. Ng2 Ne6 18. Rf1 Nd4 19. O-O-O Qd8 20. Ne1 Be6 21. Nf3
Qb6 22. Qf2 f6 23. Nxd4 Qxd4 24. Qxd4 exd4 25. Ne2 Rad8 26. Ng3 c5 27. Kd2 a6
28. Ra1 Kh7 29. Ra5 Rc8 30. Nf5 Rfd8 31. Rf2 Rc7 32. Rf1 Kg6 33. Nh4+ Kh7 34.
Nf5 Bc8 35. Rg1 Kg6 36. Nh4+ Kf7 37. Nf3 Ke6 38. Re1 b5 39. e5 Bb7 40. exf6+
Kxf6 41. Rf1 Ke6 42. Raa1 Kd6 43. Rae1 Bd5 44. Ne5 Re7 45. Rf5 Rde8 46. c4
dxc3+ 0-1

[Event "Open Ricany 2012"]
[Site "http://www.openricany.cz/"]
[Date "2012.08.26"]
[Round "1.37"]
[White "Hrdina, Robin"]
[Black "Maly, Dusan"]
[Result "1-0"]
[WhiteElo "2024"]
[BlackElo "1772"]
[PlyCount "29"]
[EventDate "2012.??.??"]

1. e4 e6 2. d4 d5 3. Nd2 dxe4 4. Nxe4 Be7 5. Nf3 Nf6 6. Bd3 Nbd7 7. O-O Nxe4 8.
Bxe4 Nf6 9. Bd3 b6 10. Re1 Bb7 11. c3 h6 12. Ne5 Qd5 13. f3 a6 14. Qc2 Bd6 15.
Bc4 1-0

[Event "Open Ricany 2012"]
[Site "http://www.openricany.cz/"]
[Date "2012.08.26"]
[Round "1.41"]
[White "Postupa, Martin"]
[Black "Skvaril, Michal"]
[Result "1-0"]
[WhiteElo "2002"]
[BlackElo "1728"]
[PlyCount "51"]
[EventDate "2012.??.??"]

1. e4 e5 2. Nf3 Nc6 3. Bb5 a6 4. Ba4 b5 5. Bb3 Nf6 6. d3 d6 7. h3 Be7 8. O-O
O-O 9. Nc3 Bb7 10. a4 b4 11. Nd5 Nxd5 12. Bxd5 Na5 13. Bd2 c5 14. Ba2 Nc6 15.
Nh2 a5 16. f4 exf4 17. Rxf4 Bg5 18. Rf2 Bxd2 19. Qxd2 Ne5 20. Raf1 Qc7 21. Nf3
Rad8 22. Nxe5 dxe5 23. Rxf7 Rxf7 24. Rxf7 Qxf7 25. Bxf7+ Kxf7 26. Qf2+ 1-0

[Event "Open Ricany 2012"]
[Site "http://www.openricany.cz/"]
[Date "2012.08.26"]
[Round "1.42"]
[White "Havlicek, Pavel"]
[Black "Pavlicek, Petr"]
[Result "0-1"]
[WhiteElo "1705"]
[BlackElo "2001"]
[PlyCount "70"]
[EventDate "2012.??.??"]

1. b4 d5 2. Bb2 Qd6 3. a3 e5 4. e3 Be6 5. Nf3 f6 6. Nc3 c6 7. Be2 Nd7 8. O-O
Nh6 9. d4 e4 10. Nd2 Be7 11. Nb3 O-O 12. Rc1 f5 13. Na4 b6 14. Nd2 Kh8 15. f4
exf3 16. Bxf3 Ng4 17. Bxg4 fxg4 18. Qe2 Nf6 19. Nc3 Qd7 20. g3 a5 21. b5 Rac8
22. a4 h5 23. Rce1 cxb5 24. axb5 Bb4 25. Qd3 Qc7 26. Ndb1 Bg8 27. Re2 Bh7 28.
Qd1 Qd7 29. Ref2 Bg6 30. Na4 Qxb5 31. c3 Be7 32. Na3 Qc6 33. Qb3 Nd7 34. Nb5
Rxf2 35. Rxf2 Qc4 0-1

[Event "Open Ricany 2012"]
[Site "http://www.openricany.cz/"]
[Date "2012.08.26"]
[Round "1.43"]
[White "Havlik, Frantisek"]
[Black "Nigrin, Jiri"]
[Result "1-0"]
[WhiteElo "1994"]
[BlackElo "1684"]
[PlyCount "79"]
[EventDate "2012.??.??"]

1. d4 Nf6 2. c4 g6 3. Nc3 Bg7 4. e4 d6 5. Be2 O-O 6. Bg5 Nbd7 7. Qd2 c5 8. d5
a6 9. a4 Qb6 10. Nf3 Re8 11. O-O Qb4 12. Ne1 Ne5 13. Nc2 Qa5 14. f4 Ned7 15.
Ne3 Nf8 16. Bh4 h6 17. Be1 Bd7 18. Qc2 Qc7 19. a5 Kh8 20. Na4 Bxa4 21. Rxa4 Qd7
22. Ra3 Qc7 23. Bc3 N8d7 24. g4 Rg8 25. g5 hxg5 26. fxg5 Nh7 27. h4 Raf8 28.
Ng4 Bxc3 29. Qxc3+ Ne5 30. Nh6 Rg7 31. Kg2 Qd7 32. Rb3 Qc8 33. Kg3 Qd7 34. Bg4
Nxg4 35. Nxg4 Kg8 36. e5 dxe5 37. Qxe5 Re8 38. Nh6+ Kf8 39. Rxf7+ Rxf7 40. Qh8#
1-0